000 00387nam a22001337a 4500
020 _a0852265549
082 _222
_a371.33
100 _aMaheshwar, L. K. and Anand, M. M. S.
245 _aLaboratory manual for introductionary electronics experiments /
250 _aNA
260 _aNew Delhi,
_bNew Age International,
_cc2005.
300 _aviii,100 p. ;
_bill. ;
_c27 cm.
942 _2ddc
_cECE
999 _c850
_d850